Mujeres que amamantan cachorros de lobo : iconos de lo hipermaterno /
Сохранить в:
| Главный автор: | |
|---|---|
| Другие авторы: | |
| Формат: | |
| Язык: | испанский |
| Опубликовано: |
Barcelona, España :
Galaxia Gutenberg,
2025, c2025
|
| Серии: | (Ensayo Galaxia Gutenberg)
|
| Предметы: | |
| Метки: |
Нет меток, Требуется 1-ая метка записи!
|
MARC
| LEADER | 00000nam^a2200000^a^4500 | ||
|---|---|---|---|
| 001 | 000627046 | ||
| 005 | 20260121000000.0 | ||
| 009 | 20260310134046.925 | ||
| 020 | |a 979-13-87605-08-7 | ||
| 037 | |a Acervo ITESO - Biblioteca | ||
| 041 | |a ESP | ||
| 082 | |a 305. 421 |b CAV | ||
| 100 | |a Cavarero, Adriana |e (autor) | ||
| 245 | 1 | 0 | |a Mujeres que amamantan cachorros de lobo : |b iconos de lo hipermaterno / |c A. Caravero ; tr. de D. Paradela López. |
| 246 | 2 | |a Título en la cubierta: Mujeres que amamantan cachorros de lobo | |
| 264 | 4 | |a Barcelona, España : |b Galaxia Gutenberg, |c 2025, c2025 | |
| 300 | |a 157 p. | ||
| 336 | |a texto |b txt |2 rdacontenido | ||
| 337 | |a sin mediación |b n |2 rdamedio | ||
| 338 | |a volumen |b nc |2 rdasoporte | ||
| 440 | 1 | |a (Ensayo Galaxia Gutenberg) | |
| 500 | |a Traducción de: Donne che allattano cuccioli di lupo: icone dell'ipermaterno | ||
| 521 | |a FIL 2025 DIA | ||
| 586 | |a Premio Nobel de Literatura 2022: Biografías, crítica e interpretación | ||
| 649 | |a XX | ||
| 650 | |a Madres en la Literatura - |x Historia y Crítica | ||
| 650 | |a Madres - |x Condiciones Sociales y Culturales - |x Tema Principal | ||
| 650 | |a Mujeres - |x Condiciones Sociales y Culturales | ||
| 650 | |a Maternidad - |x Aspectos Sociales y Culturales - |x Tema Principal | ||
| 650 | |a Relaciones Familiares - |x Aspectos Sociales y Culturales | ||
| 650 | |a Literatura de Mujeres - |x Historia y Crítica | ||
| 650 | |a Feminismo - |x Tema Principal | ||
| 650 | |a Filosofía Italiana | ||
| 650 | |a Filosofía del Siglo XXI | ||
| 650 | |a Beauvoir, Simone de | ||
| 650 | |a Ernaux, Annie | ||
| 650 | |a Ferrante, Elena | ||
| 650 | |a Lispector, Clarice | ||
| 700 | |a Paradela López, David |e (traducción) | ||
| 910 | |a Fondo General | ||
| 920 | |a Impresos - Libros | ||
| 930 | |a Colección General | ||
| 905 | |a 101 | ||
| 901 | |a 627046-10 |b IT1 |c ACC |i C191758 |u 20260121 | ||
| 902 | |a https://opac.biblio.iteso.mx/vufind/Record/000627046 | ||